000 01036nam a2200193 i 4500
001 151561
003 ES-MaACL
005 20250809034608.0
008 931025s1898 sp |||| | spa d
100 1 _aArredondo y Fernández-Sanjurjo, Máximo de.
_923242
245 1 0 _aExamen crítico de las nuevas escuelas de Derecho Penal
_b: memoria premiada con accésit por la Real Academia de Ciencias Morales y Políticas en el concurso ordinario de 1895 (tema segundo) /
_cescrita por Máximo de Arredondo y Fernández Sanjurjo y José Bravo y Goyena.
260 _aMadrid :
_bReal Academia de Ciencias Morales y Políticas,
_c1898 (
_fImp. del Asilo de Huérfanos del Sagrado Corazón de Jesús)
300 _a306 p. ;
_c27 cm.
650 0 7 _aDerecho penal
_2embne
_911749
700 2 1 _aBravo y Goyena, José.
_9126152
710 2 _aReal Academia de Ciencias Morales y Políticas (España)
_9222050
852 _aES-MaACL
_jF-M-III-O (XII)
_z-- Enc. hol. conservando la cub. original
_z-- Enc. en un vol. facticio
999 _c151561
_d151561